Property law statutes 2010-2011 (Record no. 5646)
[ view plain ]
| 000 -LEADER | |
|---|---|
| fixed length control field | 00583nam a22001577a 4500 |
| 005 - DATE AND TIME OF LATEST TRANSACTION | |
| control field | 20250505151102.0 |
| 008 - FIXED-LENGTH DATA ELEMENTS--GENERAL INFORMATION | |
| fixed length control field | 250505b |||||||| |||| 00| 0 eng d |
| 020 ## - INTERNATIONAL STANDARD BOOK NUMBER | |
| International Standard Book Number | 9780415582438 |
| 050 ## - LIBRARY OF CONGRESS CALL NUMBER | |
| Classification number | KF 560 |
| Item number | .H49 2011 |
| 100 ## - MAIN ENTRY--PERSONAL NAME | |
| Personal name | Russell Hewitson |
| 245 ## - TITLE STATEMENT | |
| Title | Property law statutes 2010-2011 |
| Remainder of title | Routledge student statutes |
| Statement of responsibility, etc. | Russell Hewitson .Principal lecturer in law and director of international development for the school of law at northumbria university. |
| 260 ## - PUBLICATION, DISTRIBUTION, ETC. | |
| Place of publication, distribution, etc. | London |
| Name of publisher, distributor, etc. | Taylor and Francis group |
| Date of publication, distribution, etc. | c2011 |
| 300 ## - PHYSICAL DESCRIPTION | |
| Extent | vi,578p; |
| 500 ## - GENERAL NOTE | |
| General note | Includes index |
| 942 ## - ADDED ENTRY ELEMENTS (KOHA) | |
| Source of classification or shelving scheme | Library of Congress Classification |
| Koha item type | Books |
| Suppress in OPAC | No |
| 999 ## - | |
| -- | 5646 |
| -- | 5646 |
| Withdrawn status | Lost status | Source of classification or shelving scheme | Damaged status | Not for loan | Collection | Home library | Current library | Shelving location | Date acquired | Total checkouts | Full call number | Barcode | Date last seen | Price effective from | Koha item type | Copy number |
|---|---|---|---|---|---|---|---|---|---|---|---|---|---|---|---|---|
| Library of Congress Classification | Non-fiction | Law Library (Christ Temple) | Law Library (Christ Temple) | General stacks | 06/16/2025 | KF560.H49 HEW | LLCT00000713 | 06/16/2025 | 06/16/2025 | Books | 1 | |||||
| Library of Congress Classification | Non-fiction | Law Library (Kumasi) | Law Library (Kumasi) | General stacks | 05/05/2025 | KF560.H49 Hew | LLK00000123 | 05/05/2025 | 05/05/2025 | Books |